000 00295nam a22001097a 4500
008 210803b ||||| |||| 00| 0 eng d
082 _a378.1 ORI
245 _aOrientation to college learning ( 2021)
260 _aThimphu :
_bRoyal Thimphu College,
_c2021.
300 _a67 p.
_c29 cm.
942 _2ddc
999 _c8810
_d8811